First Country to Legalize Same-Sex Marriage By Category (2022) - Statistics

General Stats
  • This quiz has been taken 53 times
    33 since last reset
  • The average score is 18 of 39
Answer Stats
Category Country % Correct
in North America Canada
96%
in the world Netherlands
93%
in South America Argentina
89%
in Central America Costa Rica
89%
in Europe Netherlands
89%
in Oceania New Zealand
89%
in Africa South Africa
89%
in Caribbean Cuba
85%
in Northern Europe Norway
81%
in Asia Taiwan
81%
in Central Europe Germany
78%
in Southern Europe Spain
78%
a communist state Cuba
74%
in Eastern Europe Slovenia
67%
island nation Iceland
59%
with French as an official language Belgium
56%
European country that is not an EU member Norway
52%
landlocked Luxembourg
41%
has more than one head of state Andorra
37%
former nationwide communist country Slovenia
37%
a republic South Africa
37%
with no Indo-European official language Taiwan
37%
European/North American country that is not a NATO member Sweden
26%
constituent country in UK England | Wales
19%
constituent country in Danish Realm (excluding metropolitan Denmark) Greenland
19%
developing country South Africa
19%
won World Cup Spain
19%
won World Cup more than once Argentina
15%
touch the Equator Brazil
15%
passed by referendum Ireland
15%
a commonwealth nation Canada
11%
European country never won Eurovision Iceland
11%
never been in World Cup Luxembourg
11%
never host World Cup or Olympics Portugal
11%
never won an Olympic gold medal Iceland
7%
never won an Olympic medal Malta
7%
microstate Malta
7%
no adoption allowed Ecuador
4%
only step-child adoption allowed Taiwan
4%
No matching quizzes found
Score Distribution
Percent of People with Each Score
Percentile by Number Answered
Your Score History
You have not taken this quiz since the last reset